| 000 | 00542nam a2200205Ia 4500 | ||
|---|---|---|---|
| 003 | LK-CoDNM | ||
| 008 | 010623t1926 xxu||||| |||| 00| 1 sin d | ||
| 040 |
_aLK-CoDNM _dLK-CoDNM _eLK-CoDNM |
||
| 041 | _asin | ||
| 080 | _a104 J.8 | ||
| 100 |
_aWickramaratne,N _eed. |
||
| 245 | _aගොවිකම් සඟරාව | ||
| 246 | _aGovikam sangarawa | ||
| 260 |
_bDepartment of Agriculture _aPeradeniya _c1926 |
||
| 300 | _b14p., 21 cm | ||
| 650 | _aAgricultural chemistry | ||
| 650 | _aFood production | ||
| 650 | _aLims | ||
| 942 | _cBK | ||
| 999 |
_c93452 _d93452 |
||